| 000 | 00535nam a2200217 a 4500 | ||
|---|---|---|---|
| 001 | BRCA_6843 | ||
| 005 | 20190320205620.0 | ||
| 008 | 091111s1910----gw-a######---#000-0#ger-# | ||
| 041 | _ager | ||
| 044 | _agw | ||
| 050 | 4 |
_aCT158 _b.H36 1910 |
|
| 245 | 1 | 0 |
_aMaximilian Harden. Köpfe _cMaximilian Harden. |
| 250 | _a19 | ||
| 260 |
_aBerlín _bErich Reiss-Verlag _c1910 |
||
| 300 |
_a465 p. _bil. _c19 cm. |
||
| 500 | _aO31 | ||
| 650 | 1 | 4 |
_aBiografía _917072 |
| 700 | 1 |
_aHarden, Maximilian _917073 |
|
| 902 | _aGFM | ||
| 942 |
_2lcc _cB |
||
| 999 |
_c6526 _d6526 |
||